Ca dao, dân ca trên đất Phú Yên Chú giải điển tích
TM tài liệu tham khảo Tr. 297 - 298
Gardado en:
| Autor Principal: | |
|---|---|
| Outros autores: | |
| Formato: | Libro |
| Idioma: | Undetermined |
| Publicado: |
H.
Thanh Niên
2012
|
| Những chủ đề: | |
| Acceso en liña: | http://lrc.tdmu.edu.vn/opac/search/detail.asp?aID=2&ID=17962 |
| Các nhãn: |
Engadir etiqueta
Sen Etiquetas, Sexa o primeiro en etiquetar este rexistro!
|
| Thư viện lưu trữ: | Trung tâm Học liệu Trường Đại học Thủ Dầu Một |
|---|
| LEADER | 00904nam a2200229Ia 4500 | ||
|---|---|---|---|
| 001 | TDMU_17962 | ||
| 008 | 210410s9999 xx 000 0 und d | ||
| 082 | |a 915.9755001 | ||
| 090 | |b B510 | ||
| 100 | |a Bùi, Tân | ||
| 245 | 0 | |a Ca dao, dân ca trên đất Phú Yên | |
| 245 | 0 | |b Chú giải điển tích | |
| 245 | 0 | |c Bùi Tân, Tường Sơn (g. thiệu) | |
| 260 | |a H. | ||
| 260 | |b Thanh Niên | ||
| 260 | |c 2012 | ||
| 300 | |a 299 tr. | ||
| 520 | |a TM tài liệu tham khảo Tr. 297 - 298 | ||
| 650 | |a Văn hóa dân gian |x Dân ca |x Giải thích điển tích |z Phú Yên (Việt Nam); Phú Yên (Việt Nam) |x Văn hóa |x Dân ca; Dân ca |z Phú Yên (Việt Nam) | ||
| 700 | |a Tường, Sơn | ||
| 856 | |u http://lrc.tdmu.edu.vn/opac/search/detail.asp?aID=2&ID=17962 | ||
| 980 | |a Trung tâm Học liệu Trường Đại học Thủ Dầu Một | ||